Movies Quiz

Random Movies Quiz

Transformers Quiz Stats

 Plays Quiz not verified by Sporcle

Support Sporcle.
Go Orange.
Score 0/25 Timer 15:00
0 Plays Today
% Correct
optimus prime
96%
bumblebee
92.2%
megatron
88.4%
ironhide
82.7%
starscream
80.4%
jazz
77.1%
ratchet
76.6%
sideswipe
53.7%
soundwave
51.8%
arcee
41.3%
mudflap
38.1%
skids
37.5%
the fallen
34.3%
% Correct
devastator
31%
ravage
28%
longhaul
23.4%
chromia
22.9%
mixmaster
20.8%
sideways
19.6%
scrapper
17.7%
rampage
16.2%
demolisher
15.8%
scavenger
13.3%
hightower
13.1%
eilita-1
3.4%

You're not logged in!

Compare scores with friends on all Sporcle quizzes.
OR
Log In

From the Vault

'God Only Knows' Lyrics

by bearfoot21

God only knows what we'd be without Sporcle.

You Might Also Like...

Remove Ads.
Support Sporcle.
Get the best of Sporcle when you Go Orange. This ad-free experience offers more features, more stats, and more fun while also helping to support Sporcle. Thank you for becoming a member.

Show Comments

Extras

Created Oct 10, 2009ReportNominate
Tags:Transformer

Top Quizzes Today


Score Distribution

Your Account Isn't Verified!

In order to create a playlist on Sporcle, you need to verify the email address you used during registration. Go to your Sporcle Settings to finish the process.

Report this User

Report this user for behavior that violates our Community Guidelines.

Details: